000 00582nam a2200205Ia 4500
005 20250326144518.0
008 250326s9999 xx 000 0 und d
020 _a978-81-7188-773-6
037 _aTextbook
040 _aFMSL
_beng
_cFMSL
041 _aeng
_2eng
084 _aX:75.44'P12 P9
_qFMSL
245 0 _aMacro-modelling for the leventh five year plan of India
260 _aNew Delhi
_bNew Delhi, Academic Foundation
_c2009
300 _a281p
365 _b695
650 _aManagement
942 _cTB
_hX:75.44'P12 P9
999 _c1303987
_d1303987